[Event "Geneve Bois Gentil op"]
[Site "Geneve"]
[Date "2020.02.21"]
[Round "5"]
[White "Garzotti, Paolo"]
[Black "Longepierre, Chloe"]
[Result "1/2-1/2"]
[WhiteElo "1706"]
[BlackElo "1618"]
[PlyCount "75"]
[EventDate "2020.01.10"]
[EventType "swiss"]
[EventRounds "7"]
[EventCountry "SUI"]
[SourceTitle "CBM 195 Extra"]
[Source "ChessBase"]
[SourceDate "2020.05.31"]
[SourceVersion "1"]
[SourceVersionDate "2020.05.31"]
[SourceQuality "1"]

1. d4 d5 2. Nf3 Nf6 3. Bf4 c5 4. c3 Nc6 5. e3 Qb6 6. Qc2 Bf5 7. Qb3 c4 8. Qxb6 axb6 9. Na3 Rxa3 10. bxa3 Ne4 11. Nh4 Bd7 12. Bc7 b5 13. Bb6 e5 14. Bc5 Bxc5 15. dxc5 Nxc3 16. Nf3 0-0 17. Rc1 Ne4 18. Be2 f6 19. 0-0 Ra8 20. Rfd1 Ne7 21. Nd2 Nxc5 22. Nb1 Bc6 23. f3 Nf5 24. Kf2 d4 25. exd4 Nxd4 26. Bf1 Na4 27. f4 Rf8 28. Nc3 Nc5 29. fxe5 fxe5+ 30. Kg1 Nce6 31. Re1 Rf5 32. Re3 Nf4 33. Rce1 Ng6 34. Rc1 Rf8 35. a4 b4 36. Bxc4+ Kh8 37. Nb5 Nf5 38. Ree1 1/2-1/2

[Event "Geneve Bois Gentil op"]
[Site "Geneve"]
[Date "2020.01.31"]
[Round "3"]
[White "Koroteeva, Ksenia"]
[Black "Garzotti, Paolo"]
[Result "1-0"]
[WhiteElo "1981"]
[BlackElo "1706"]
[PlyCount "43"]
[EventDate "2020.01.10"]
[EventType "swiss"]
[EventRounds "7"]
[EventCountry "SUI"]
[SourceTitle "CBM 195 Extra"]
[Source "ChessBase"]
[SourceDate "2020.05.31"]
[SourceVersion "1"]
[SourceVersionDate "2020.05.31"]
[SourceQuality "1"]

1. e4 c5 2. Nf3 a6 3. Nc3 Nc6 4. d4 cxd4 5. Nxd4 e5 6. Nb3 Nf6 7. Be2 Bb4 8. Bd3 d5 9. exd5 Nxd5 10. Bd2 Nxc3 11. bxc3 Bd6 12. 0-0 Qh4 13. f4 0-0 14. g3 Qh3 15. f5 e4 16. Bxe4 Bxg3 17. hxg3 Qxg3+ 18. Bg2 Ne5 19. Qe1 Qxe1 20. Raxe1 Nc4 21. Bg5 Nd6 22. Be7 1-0

[Event "Geneve Bois Gentil op"]
[Site "Geneve"]
[Date "2019.02.01"]
[Round "4"]
[White "Garzotti, Paolo"]
[Black "Rincon, Jose Maria"]
[Result "0-1"]
[WhiteElo "1712"]
[BlackElo "1881"]
[PlyCount "57"]
[EventDate "2019.01.11"]
[EventType "swiss"]
[EventRounds "7"]
[EventCountry "SUI"]
[SourceTitle "CBM 189 Extra"]
[Source "ChessBase"]
[SourceDate "2019.06.03"]
[SourceVersion "1"]
[SourceVersionDate "2019.06.03"]
[SourceQuality "1"]

1. d4 d5 2. Nf3 Nf6 3. Bf4 e6 4. e3 c5 5. c3 Qb6 6. Qb3 Nbd7 7. Nbd2 Be7 8. Qc2 h6 9. Bd3 0-0 10. h3 Bd6 11. Bxd6 Qxd6 12. g4 cxd4 13. cxd4 e5 14. dxe5 Nxe5 15. Nxe5 Qxe5 16. Nf3 Qe7 17. Rc1 Bd7 18. Qc5 Qe6 19. Bf5 Qa6 20. Bxd7 Nxd7 21. Qxd5 Rac8 22. Rd1 Nf6 23. Qd2 Rfd8 24. Qe2 Rxd1+ 25. Qxd1 Ne4 26. Nd4 Qa5+ 27. Kf1 Qxa2 28. Qe2 Qd5 29. Qf3 0-1